Sviatok

Bibliographic Details
Main Author: Veli, Orhan, 1914-1950 (Author)
Other Authors: Heveši, Marián, 1947- (Translator), Celnarová, Xénia, 1944- (Translator)
Format: Article
Language:Slovak
Subjects:

MARC

LEADER 00000nab a2200000 a 4500
001 vtls000058324
003 SK-MaSNL
005 20260304061727.0
008 250422c1980 xo 0 slo
015 |a SNBRB19rr/mm-uuuuu 
035 |a CL0068421 
035 |a urn:nbn:sk:snk-abb8rp 
035 |a (urnnbn)urn:nbn:sk:snk:ar-0057is 
035 |a (uuid)df997ff3-bd34-4295-95e6-3fa11cbc4780 
040 |a SNKBUCL  |b slo  |c SNKBUCL  |e AACR2 
041 0 |a slo 
044 |a xo  |c SK 
080 |a 894.35-1  |2 1981 
100 1 |a Veli, Orhan,  |d 1914-1950  |4 aut  |9 1294829 
245 1 0 |a Sviatok  |c Orhan Veli ; Marián Heveši, Xénia Celnarová 
650 0 7 |a básne reflexívne  |2 snkbucl  |9 898242 
655 7 |a články z novín a časopisov  |2 snkbucl  |9 267496 
700 1 |a Heveši, Marián,  |d 1947-  |4 trl  |9 104700 
700 1 |a Celnarová, Xénia,  |d 1944-  |4 trl  |9 15946 
773 0 |t Revue svetovej literatúry  |g Roč. 16, č. 2 (1980), s. 103 
850 |a Slovenská národná knižnica 
852 |a Slovenská národná knižnica 
958 |a article15 
958 |a OND 
958 |a RK 
958 |a LX 
958 |a EUIPO 
999 |c 2734575  |d 2736505